Zákon o bankrotu.
Prehľadná informácia o novom zákone o bankrote z 11.7.1991. Definícia úpadku, konkurzu a bankrotu. Dobrovoľné a nútené vyrovnanie. Podmienky vyhlásenia konkurzu. Prehľad jednotlivých administratívnych postupov.
Guardado en:
| Autor principal: | |
|---|---|
| Formato: | Capítulo de libro |
| Lenguaje: | checo |
| Materias: | |
| Etiquetas: |
Sin Etiquetas, Sea el primero en etiquetar este registro!
|
MARC
| LEADER | 00000naa a2200000 4500 | ||
|---|---|---|---|
| 001 | r006819 | ||
| 005 | 20221125081259.4 | ||
| 041 | 0 | |a cze | |
| 044 | |a [CS] | ||
| 245 | 1 | 0 | |a Zákon o bankrotu. |c B. Klein |
| 520 | |a Prehľadná informácia o novom zákone o bankrote z 11.7.1991. Definícia úpadku, konkurzu a bankrotu. Dobrovoľné a nútené vyrovnanie. Podmienky vyhlásenia konkurzu. Prehľad jednotlivých administratívnych postupov. | ||
| 610 | 2 | 0 | |a zákony |
| 610 | 2 | 0 | |a ČSFR |
| 610 | 2 | 0 | |a 1991 |
| 610 | 2 | 0 | |a právo obchodné |
| 610 | 2 | 0 | |a podnik |
| 100 | 1 | |a Klein, B. | |